Mechano-chemical reclamation of waste rubber powder and its effect on the performance of NR and SBR vulcanizates (Record no. 62801)

MARC details
000 -LEADER
fixed length control field 00707nam a2200241Ia 4500
100 ## - MAIN ENTRY--AUTHOR NAME
Personal name Yehia A A
245 #0 - TITLE STATEMENT
Title Mechano-chemical reclamation of waste rubber powder and its effect on the performance of NR and SBR vulcanizates
260 ## - PUBLICATION, DISTRIBUTION, ETC. (IMPRINT)
Name of publisher Journal of Elastomers and Plastics
Year of publication 2004
300 ## - PHYSICAL DESCRIPTION
Number of Pages 109-123
650 ## - SUBJECT ADDED ENTRY--TOPICAL TERM
Topical Term Mechano-chemical reclamation
650 ## - SUBJECT ADDED ENTRY--TOPICAL TERM
Topical Term Mooney viscosity
650 ## - SUBJECT ADDED ENTRY--TOPICAL TERM
Topical Term Recycling
650 ## - SUBJECT ADDED ENTRY--TOPICAL TERM
Topical Term Rubber waste
650 ## - SUBJECT ADDED ENTRY--TOPICAL TERM
Topical Term Rubber/reclaim blends
650 ## - SUBJECT ADDED ENTRY--TOPICAL TERM
Topical Term Sol-gel fractions
650 ## - SUBJECT ADDED ENTRY--TOPICAL TERM
Topical Term Thermal aging
700 ## - ADDED ENTRY--PERSONAL NAME
Personal name Abdel-Bary E M
700 ## - ADDED ENTRY--PERSONAL NAME
Personal name Hefny Y A
700 ## - ADDED ENTRY--PERSONAL NAME
Personal name Ismail M N
700 ## - ADDED ENTRY--PERSONAL NAME
Personal name Mull M A
942 ## - ADDED ENTRY ELEMENTS (KOHA)
Koha item type Journals
Holdings
Withdrawn status Lost status Damaged status Not for loan Home library Current library Shelving location Date acquired Serial Enumeration / chronology Koha item type
      Journals RRII Library RRII Library Rubber chemistry 17/12/2021 Volume 36, Issue 2 Journals